La historia y la política de Bulgaria / (Record no. 130066)
[ view plain ]
| 000 -LEADER | |
|---|---|
| campo de control de longitud fija | 00715nam a2200205 i 4500 |
| 001 - NÚMERO DE CONTROL | |
| campo de control | 130066 |
| 003 - IDENTIFICADOR DE NÚMERO DE CONTROL | |
| campo de control | ES-MaACL |
| 005 - FECHA Y HORA DE LA ÚLTIMA TRANSACCIÓN | |
| campo de control | 20240501063046.0 |
| 007 - CAMPO FIJO DE DESCRIPCIÓN FÍSICA--INFORMACIÓN GENERAL | |
| campo de control de longitud fija | t| |
| 008 - DATOS DE LONGITUD FIJA--INFORMACIÓN GENERAL | |
| campo de control de longitud fija | 070717s1944 sp ||||1| spa d |
| 100 1# - ENTRADA PRINCIPAL--NOMBRE DE PERSONA | |
| Nombre de persona | Zúñiga, Juan Eduardo, |
| Fechas asociadas al nombre | 1919-2020 |
| 9 (RLIN) | 118516 |
| 245 13 - MENCIÓN DEL TÍTULO | |
| Título | La historia y la política de Bulgaria / |
| Mención de responsabilidad, etc. | Juan Eduardo Zúñiga Amaro. |
| 260 ## - PUBLICACIÓN, DISTRIBUCIÓN, ETC. | |
| Lugar de publicación, distribución, etc. | Madrid : |
| Nombre del editor, distribuidor, etc. | Edit. Pace, |
| Fecha de publicación, distribución, etc. | [1944] ( |
| Fabricante | Mil Industrias Gráficas) |
| 300 ## - DESCRIPCIÓN FÍSICA | |
| Extensión | 218 p. ; |
| Dimensiones | 17 cm. |
| 490 1# - MENCIÓN DE SERIE | |
| Mención de serie | Las grandes cuestiones internacionales ; |
| Designación de volumen o secuencia | 5 |
| 651 #4 - PUNTO DE ACCESO ADICIONAL DE MATERIA--NOMBRE GEOGRÁFICO | |
| Nombre geográfico | Bulgaria- |
| Subdivisión general | Historia. |
| 9 (RLIN) | 7899 |
| 830 0# - PUNTO DE ACCESO ADICIONAL DE SERIE-TÍTULO UNIFORME | |
| Título uniforme | Las grandes cuestiones internacionales ; |
| Designación de volumen o secuencia | 5 |
| 9 (RLIN) | 219410 |
| 852 ## - LOCALIZACIÓN | |
| Ubicación | ES-MaACL |
| Número de control de estantería | B-10170 |
| Sublocalización o colección | R.21372 |
| Estatus retirado | Estado de pérdida | Estado de daño | No para préstamo | Biblioteca de origen | Biblioteca actual | Ubicación en estantería | Fecha de adquisición | Fuente de adquisición | Total de préstamos | Signatura topográfica completa | Código de barras | Visto por última vez | Precio de reemplazo | Tipo de ítem Koha |
|---|---|---|---|---|---|---|---|---|---|---|---|---|---|---|
| Biblioteca del Ateneo de Madrid | Biblioteca del Ateneo de Madrid | Sala Pardo Bazán | 17/01/2008 | B-10170 | 1135431 | 23/02/2023 | 23/02/2023 | Libro impreso |
